000 00644nam a2200241Ia 4500
003 OSt
005 20221005084000.0
006 a|||||r|||| 00| 0
007 ta
008 221004b |||||||| |||| 00| 0 eng d
024 _a61151
037 _cTextual
040 _aCRL
_cCRL
_beng
041 _2eng
_aeng
082 _aO111,2xN, J3
100 _aWarnock Robert
_9592553
245 0 _aRepresentative modern plays
260 _aNew Jersey
_bScott Foresman and Company
_c1953
300 _a710p.
_ccm.
650 _aENGLISH LITERATURE
942 _hO111,2xN, J3
_cTEXL
_2cc
999 _c991874
_d991874